|
|
|
|
| LEADER |
02007nam a2200517 i 4500 |
| 001 |
nkc20152720553 |
| 003 |
CZ PrNK |
| 005 |
20250813083443.0 |
| 007 |
ta |
| 008 |
150720s2015 xr a e p 001 0 cze |
| 015 |
|
|
|a cnb002720553
|
| 020 |
|
|
|a 978-80-260-8537-9
|q (v knize neuvedeno ;
|q brožováno)
|
| 035 |
|
|
|a (OCoLC)920663383
|
| 040 |
|
|
|a BOA001
|b cze
|d ABA001
|e rda
|
| 072 |
|
7 |
|a 543
|x Analytická chemie
|2 Konspekt
|9 10
|
| 072 |
|
7 |
|a 37.016
|x Učební osnovy. Vyučovací předměty. Učebnice
|2 Konspekt
|9 22
|
| 080 |
|
|
|a 543.05
|2 MRF
|
| 080 |
|
|
|a 502:543
|2 MRF
|
| 080 |
|
|
|a (07)
|2 MRF
|
| 100 |
1 |
|
|a Kotlík, Bohumil
|7 xx0082957
|4 aut
|
| 245 |
1 |
0 |
|a Vzorkování v životním prostředí :
|b učební text projektu "Příprava kurzů a učebních textů v oboru vzorkování a chemické analýzy" : modul K03 - 2015 /
|c kolektiv autorů pod vedením Bohumila Kotlíka, Jana Langhanse a Pavla Bernátha
|
| 250 |
|
|
|a 1. vydání
|
| 264 |
|
1 |
|a Český Těšín :
|b 2 Theta,
|c 2015
|
| 300 |
|
|
|a 178 stran :
|b ilustrace ;
|c 30 cm
|
| 336 |
|
|
|a text
|b txt
|2 rdacontent
|
| 337 |
|
|
|a bez média
|b n
|2 rdamedia
|
| 338 |
|
|
|a svazek
|b nc
|2 rdacarrier
|
| 490 |
1 |
|
|a Analytical standards and equipment
|
| 500 |
|
|
|a Terminologický slovník
|
| 500 |
|
|
|a 150 výtisků
|
| 504 |
|
|
|a Obsahuje bibliografie a rejstřík
|
| 650 |
0 |
7 |
|a vzorkování
|7 ph136736
|2 czenas
|
| 650 |
0 |
7 |
|a environmentální analytická chemie
|7 ph119951
|2 czenas
|
| 650 |
0 |
9 |
|a sampling
|2 eczenas
|
| 650 |
0 |
9 |
|a environmental analytical chemistry
|2 eczenas
|
| 655 |
|
7 |
|a učební texty
|7 fd133599
|2 czenas
|
| 655 |
|
9 |
|a educational texts
|2 eczenas
|
| 700 |
1 |
|
|a Langhans, Jan
|7 mzk2015880209
|4 aut
|
| 700 |
1 |
|
|a Bernáth, Pavel
|7 ola2004231525
|4 aut
|
| 830 |
|
0 |
|a Analytical standards and equipment
|0 s
|
| 910 |
2 |
|
|a BOA001
|b 4-1350.464
|
| 928 |
9 |
|
|a 2 Theta ASE
|
| 990 |
|
|
|a BK
|
| 995 |
|
|
|a 01
|
| 991 |
|
|
|b 201508
|c NOV
|e n
|
| 996 |
6 |
|
|b 2610639277
|c 4-1350.464
|l MZK
|r Sklad / do 1 hodiny
|n 2
|p p.v.
|w 001515496
|u 000010
|a 1
|e BOA001
|j MZK50
|s P
|